El análisis C.V.U. en la selección de cursos de acción (Registro nro. 23923)

Detalles MARC
000 -LEADER
fixed length control field 00400 a2200121 4500
001 - CONTROL NUMBER
control field ART_9973
005 - DATE AND TIME OF LATEST TRANSACTION
control field 20260410161839.0
008 - FIXED-LENGTH DATA ELEMENTS--GENERAL INFORMATION
fixed length control field 260409a
100 1# - MAIN ENTRY--PERSONAL NAME
Personal name Yardin, Amaro Ramón
245 10 - TITLE STATEMENT
Title El análisis C.V.U. en la selección de cursos de acción
700 1# - ADDED ENTRY--PERSONAL NAME
Personal name Rodríguez Jauregui, Hugo A.
773 0# - HOST ITEM ENTRY
Title Contabilidad y administración
Related parts - Año 7, Nº 75 (set. 1983)
Record control number REV5485

No hay ítems disponibles.